FC 25 Ballon d'Or - Statistics

General Stats
  • This quiz has been taken 70 times
  • The average score is 12 of 19
Answer Stats
rat pos club player % Correct
Ballon d'Or 97 CDM Manchester City Rodri
100%
Ballon d'Or 95 ST Bayern Munich Harry Kane
97%
Ballon d'Or 95 ST Real Madrid Kylian Mbappé
97%
Ballon d'Or 95 ST Manchester City Erling Haaland
95%
Ballon d'Or 95 CAM Real Madrid Jude Bellingham
95%
Ballon d'Or 95 ST Inter Milan Lautaro Martínez
95%
Ballon d'Or 95 LW Real Madrid Vinícius Júnior
95%
Ballon d'Or 95 CB Manchester City Rúben Dias
86%
Ballon d'Or 95 CB Arsenal William Saliba
86%
Ballon d'Or 97 CM Barça Femení Aitana Bonmatí
66%
Ballon d'Or 95 RW Barça Femení Caroline Graham Hansen
50%
Ballon d'Or 95 ST PSG Féminine Marie Katoto
42%
Ballon d'Or 95 ST Portland Thorns Sophia Smith
41%
Ballon d'Or 95 RW Chelsea Women Lauren James
36%
Ballon d'Or 95 RM Washington Spirits Trinity Rodman
30%
Ballon d'Or 95 LW Barça Femení Salma Paralluelo
27%
Ballon d'Or 95 RB Bayern Frauen Giulia Gwinn
25%
Ballon d'Or 95 CM OL Féminin Lindsey Horan
25%
Ballon d'Or 95 CB Houston Dash Tarciane
13%
No matching quizzes found
Score Distribution
Percent of People with Each Score
Percentile by Number Answered
Your Score History
You have not taken this quiz